00900nam a2200229 i 4500003000900000005001700009007000300026008004100029020001800070040003000088082001400118100003600132245014500168264005200313300004500365336002700410337003300437338002800470500010100498700003400599700003700633DO-SdBNP20230710110600.0ta110301s2021 dr a j 000 0 spa d a9789945509076 aDO-SdBNPbspacBNPHUerda 4bT217t2221 aTatem Brache, Yildalina,d1966-10atres cuentos sobre la vida :bpara niñas, niños y adolescentes /cYildalina Tatem Brache ; corrección, Ivanna Molina, Graciela Morales 1aSanto Domingo :bMinisterio de la Mujer,c2021. a22 páginas :bilustraciones ;c23 cm. 2rdacontentatextobtxt 2rdamediaasin mediaciónbn 2rdacarrieravolumenbnc aColaboración Fundación Friedrich Ebert Stiftung y Fondo Poblacional de las Naciones Unidas. 1 aMolina, Ivanna,ecorrección1 aMorales, Graciela,ecorrección